| 000 | 02162cam a22005894i 4500 | ||
|---|---|---|---|
| 003 | PE-LiUPU | ||
| 005 | 20250731170441.0 | ||
| 008 | 150625s1994 sp rb 000 0 spa d | ||
| 020 | _a8480041064 | ||
| 035 | _a(Sirsi) i9788480041065 | ||
| 040 |
_aPE-LiUPU _bspa _cPE-LiUPU _erda |
||
| 049 | _aPRUA | ||
| 082 | 0 | 4 |
_a150.19334 _bC28 _221 |
| 100 | 1 |
_aCasado, Lluis, _eautor. |
|
| 245 | 1 | 0 |
_aPsicología del desarrollo de la organización / _cLLuis Casado. |
| 264 | 1 |
_aMadrid : _bEditorial Centro de Estudios Ramón Areces, D.L., _c1994. |
|
| 300 |
_a125 páginas ; _c24 centímetros |
||
| 336 |
_atext _2rdacontent |
||
| 337 |
_aunmediated _2rdamedia |
||
| 338 |
_avolume _2rdacarrier |
||
| 490 | 0 | _aColección de psicología | |
| 504 | _aIncluye bibliografía al final de cada capítulo. | ||
| 505 | 0 | _aFundamentos de la psicología industrial a la psicología de las organizaciones. -¿Qué es una organizacion?. -Base psicológicas: aplicación a las organizaciones. -La organizarión centrada en el camino. -Analisis estructural de la organización. -Analisis interaccional de la organización. -La formación como factor de cambio. | |
| 526 | _aSEG68 | ||
| 526 | _aSEG70 | ||
| 526 | _aSEG69 | ||
| 526 | _aSEG67 | ||
| 526 | _aSEG43 | ||
| 526 | _aP144 | ||
| 526 | _aP143 | ||
| 526 | _aP131 | ||
| 526 | _aP122 | ||
| 526 | _aP120 | ||
| 526 | _aP117 | ||
| 526 | _aP112 | ||
| 526 | _aP110 | ||
| 526 | _aP106 | ||
| 526 | _aP101 | ||
| 526 | _aP80 | ||
| 526 | _aP59 | ||
| 526 | _aP54 | ||
| 526 | _aP35 | ||
| 526 | _aP33 | ||
| 526 | _aP30 | ||
| 541 | _g0003233; | ||
| 650 | 0 | 4 | _aPsicología de las organizaciones. |
| 942 |
_2ddc _cBOOK |
||
| 949 |
_a150.19334 C28 _wDEWEY _c1 _i56345 _d2016-4-26 _e2016-4-26 _lCCODEBUL1 _mBUL _n1 _p27.00 _r0 _sY _tBOOK _u2015-6-25 _xSALUD _PP33 _0COMPRA _o.STAFF. Colección General |
||
| 994 |
_aC0 _bPEPRU |
||
| 596 | _a1 | ||
| 999 |
_a150.19334 C28 _wDEWEY _c45595 _i56345 _d45595 _e2016-4-26 _f2021-11-8 _g5 _lCCODEBUL1 _mBUL _n1 _p27.00 _r0 _sY _tBOOK _u2015-6-25 _xEDUCACION _PP33 _0COMPRA _o.STAFF. Colección Ciencias de la Salud |
||
| 980 |
_81 _gALBERTO SANCHEZ Responsable de Automatización |
||